000 00259nam a2200121 i 4500
001 bg
245 0 0 _aStudia z automatyki.
_nT.14.
260 _aWarszawa,
_c1989.
040 _cBPK
041 _apol
942 _cKS
008 s pl f |000 0 pol
999 _c28959
_d28959
856 _uhttp://koha.tu.koszalin.pl/cgi-bin/koha/opac-detail.pl?biblionumber=28959
_yKatalog online BPK